000 04257namaa22004211i 4500
003 OSt
005 20260315114300.0
008 250827s2024 ua a|||frm||| 000 0 eng d
040 _aEG-GICUC
_bara
_cEG-GICUC
_dEG-GICUC
_erda
041 0 _aara
_bara
_beng
049 _aإيداع
082 0 4 _a722.8
092 _a722.8
_221
097 _aمــــاجستير
099 _aCai01.14.04.M.Sc.2024.يا.ط
100 0 _a،ياسمين محمد عبدالرؤف محمد
_eإعداد.
245 1 0 _aطرق تزيين المباني المدنية في شمال أفريقيا في العصرين اليوناني والروماني ومقارنتها بمثيلاتها في مصر :
_bدراسة فنية آثرية /
_cإعداد ياسمين محمد عبدالرؤف محمد؛ إشراف أ.د. خالد غريب شاهين، د.نيفين يحيي محمد.
246 1 5 _aDecoration methods of daily life buildings in north africa during the greek and roman periods comparing it with its equivalents in egypt :
_bArchaeological and artistic study /
264 0 _c2024.
300 _a331 صفحة :
_bإيضاحيات ؛
_c30 cm. +
_eCD.
336 _atext
_2rda content
337 _aUnmediated
_2rdamedia
338 _avolume
_2rdacarrier
502 _aأطروحة (ماجستير)-جامعة القاهرة، 2024.
504 _aببليوجرافيا: صفحات 316-328.
520 _aتبدأ الرسالة بفصلها الأول بالحديث عن الجزء التقني الخاص بالأساليب الفنية والطرق المستخدمة للعناصر الفنية التي اتبعها الرومان كالنحت والتصوير والمدارس التي ظهرت بالشمال الأفريقي. أما الفصل الثاني، الثالث، الرابع، الخامس والسادس فهو يحمل وصفًا توضيحيًا للمباني المدنية كل مبني علي حدة التي تشتمل علي منازل، حمامات، أسواق ومكتبات ومسارح داخل مدن الشمال الأفريقي وأهمها ليبيا، تونس، الجزائر، المغرب. وتوضيح كيفية تزيين الفنان لعناصر المبنى وتصوير مناظر رومانية وأقريقية محلية.مع دراسة كل هذه المباني مع شبيهتها في مدن داخل مصر. ثم الفصل السابع كدراسة تحليلية مقارنة لهذه العناصر الفنية في شمال أفريقيا ومقارنتها بمثيلاتها في مصر.
520 _aThe letter begins with its first chapter by discussing the technical segment on the techniques and methods used for the artistic elements followed by Romans such as sculpture, wall painting, and art schools that emerged in North Africa.Chapters II, III, IV, V, and VI contain an illustrative description of the daily life buildings, including houses, bathrooms, markets, libraries, and theatres within the North African cities, most such as Libya, Tunisia, Algeria, and Morocco. Illustrating how the artist decorated the building's elements and painted local Roman and African scenes. With the study of all these buildings with similar in cities within Egypt.Chapter VII is an analysis of these technical elements in North Africa and a comparison with those in Egypt.
530 _aصدر أيضًا كقرص مدمج.
546 _aالنص بالعربية والملخص باللغة الإنجليزية والعربية.
650 7 _aالآثار اليونانية
_2qrmak
653 0 _aالمباني
_aالمدنية التزيين
_aمباني الدوموس
700 0 _aخالد غريب شاهين
_eمشرف أطروحة.
700 0 _aنيفين يحيي محمد
_eمشرف أطروحة.
900 _b03-08-2024
_cخالد غريب شاهين
_cنيفين يحيي محمد
_Uجامعة القاهرة
_Fكلية الآثار
_Dقسم الآثار اليونانية والرومانية
905 _aSara
_eAfaf
942 _2ddc
_cTH
_e21
_n0
999 _c178061